Geography Quiz

Random Geography or World Quiz

World's Healthiest Countries Quiz Stats

 Plays Quiz not verified by Sporcle

Challenge
Share
Tweet
Embed
Score 0/15 Timer 05:00
0 Plays Today
Ranking Country % Correct
2Sweden
93.6%
8Canada
91.2%
15France
89.9%
11United States of America
88.8%
3Finland
87.9%
4Germany
87.5%
14Spain
84.2%
7Denmark
84%
Ranking Country % Correct
6Australia
80%
5Switzerland
79.6%
10Netherlands
77.6%
9Austria
77.5%
1Iceland
77.2%
13Czech Republic
44.2%
12Israel
29.9%

You're not logged in!

Compare scores with friends on all Sporcle quizzes.
OR
Log In

You Might Also Like...

Show Comments

Extras

Top Quizzes Today


Score Distribution

Your Account Isn't Verified!

In order to create a playlist on Sporcle, you need to verify the email address you used during registration. Go to your Sporcle Settings to finish the process.

Report this User

Report this user for behavior that violates our Community Guidelines.

Details: